| 000 | 00828nam a2200265Ia 4500 | ||
|---|---|---|---|
| 003 | OSt | ||
| 005 | 20220927103337.0 | ||
| 006 | a|||||r|||| 00| 0 | ||
| 007 | ta | ||
| 008 | 220926b |||||||| |||| 00| 0 eng d | ||
| 024 | _a82461 | ||
| 037 | _cReference Collections | ||
| 040 |
_aRTL _cRTL _beng |
||
| 041 |
_2eng _aeng |
||
| 082 | _a"XM,9(J).2.N6, K5/GD" | ||
| 110 |
_a"INDIA, PROGRAMME EVALUATION ORGANISATION" _9356929 |
||
| 245 | 0 | _aProblems of coordination in agricultural programmes | |
| 260 |
_aDelhi _bMOP _c1965 |
||
| 300 |
_a85p _ccm. |
||
| 490 | _a"Its Publication, 46" | ||
| 650 |
_aCooperative Economics _9356930 |
||
| 700 |
_a"INDIA, PROGRAMME EVALUATION ORGANISATION" _9356931 |
||
| 942 |
_h"XM,9(J).2.N6, K5/GD" _cCC |
||
| 999 |
_c682699 _d682699 |
||